000 00537nam a2200181Ia 4500
999 _c13368
_d13368
003 OSt
005 20201015125148.0
008 190216s9999||||xx |||||||||||||| ||und||
020 _a0586044248
040 _coclc
082 _a823.912
_bCHR/S
100 _aChristie, Agatha
_95075
245 4 _aThe Secret Adversary /
_cAgatha Christie
260 _bAn Imprint Of Harper Collins Publishers,
_c1981.
_aLondon:
300 _a220p
650 _aEnglish Stories
942 _cBK
_2ddc
_h823.912
_iCHR/S
_k823.912
_mCHR/S